| 000 | 00687cam a22001937a 4500 | ||
|---|---|---|---|
| 008 | 180718b1998 xxu||||| |||| 00| 0 eng d | ||
| 020 | _a812110176X | ||
| 082 | _aO91x541 Su72 | ||
| 245 |
_aPerspectives for planning and development in North East India _cedited by R.C. Sundriyal, Uma Shankar and T.C. Upreti |
||
| 260 |
_aDehradun _bBishen Singh Mahendra Pal Singh _c1998 |
||
| 300 | _a313p. | ||
| 440 | _aHIMAVIKAS occasional publication no.11 | ||
| 650 | _aEnvironmental impact analysis | ||
| 650 | _aWatershed management - India, Northeast | ||
| 650 | _aEnvironmental policy - India, Northeast | ||
| 700 | _aUpreti, T.C. | ||
| 700 | _aShankar, Uma | ||
| 700 | _aSundriyal, R.C. | ||
| 999 |
_c400397 _d400397 |
||